[Event "Schweinfurt op 29th"]
[Site "Schweinfurt"]
[Date "2019.06.23"]
[Round "7"]
[White "Brux, Juergen"]
[Black "Senft, Katharina"]
[Result "1-0"]
[WhiteElo "1731"]
[BlackElo "1503"]
[PlyCount "97"]
[EventDate "2019.06.20"]
[EventType "swiss"]
[EventRounds "7"]
[EventCountry "GER"]
[SourceTitle "CBM 191 Extra"]
[Source "ChessBase"]
[SourceDate "2019.09.30"]
[SourceVersion "1"]
[SourceVersionDate "2019.09.30"]
[SourceQuality "1"]

1. d4 c5 2. dxc5 e6 3. c4 Bxc5 4. Nf3 Nf6 5. g3 b5 6. cxb5 Qb6 7. e3 Bb7 8. Nc3 0-0 9. Bg2 Rd8 10. 0-0 d5 11. Qc2 a6 12. bxa6 Bxa6 13. Rd1 Nc6 14. a3 Bc4 15. b4 Nxb4 16. axb4 Rxa1 17. bxc5 Qxc5 18. Qb2 Raa8 19. Ne5 Rdb8 20. Qd2 Rb3 21. Nxc4 Qxc4 22. Ne2 Rd3 23. Qxd3 Qa4 24. Bb2 Nd7 25. Ra1 Qc6 26. Rxa8+ Qxa8 27. Qd4 Nf6 28. h3 h6 29. Nc1 Qb8 30. Nd3 Qc8 31. Ne5 Ne8 32. Ng4 Qd7 33. Nxh6+ Kf8 34. Ba3+ Nd6 35. Qc5 gxh6 36. Qxd6+ Qxd6 37. Bxd6+ Ke8 38. Bf1 Kd7 39. Bb4 e5 40. Bb5+ Ke6 41. Kf1 f5 42. Ke2 d4 43. exd4 exd4 44. Kd3 Ke5 45. f4+ Kf6 46. Kxd4 Kg6 47. Ke5 h5 48. h4 Kf7 49. Kxf5 1-0

[Event "Schweinfurt op 29th"]
[Site "Schweinfurt"]
[Date "2019.06.22"]
[Round "5"]
[White "Brux, Juergen"]
[Black "Althaus, Lennart"]
[Result "0-1"]
[WhiteElo "1731"]
[BlackElo "1549"]
[PlyCount "64"]
[EventDate "2019.06.20"]
[EventType "swiss"]
[EventRounds "7"]
[EventCountry "GER"]
[SourceTitle "CBM 191 Extra"]
[Source "ChessBase"]
[SourceDate "2019.09.30"]
[SourceVersion "1"]
[SourceVersionDate "2019.09.30"]
[SourceQuality "1"]

1. d4 d5 2. c4 c6 3. b3 Nf6 4. Nf3 e6 5. g3 Nbd7 6. Bg2 Be7 7. 0-0 0-0 8. Bb2 Ne4 9. e3 Ndf6 10. Nc3 Qb6 11. c5 Qa5 12. Qc2 b6 13. Ne5 Bb7 14. Nxe4 dxe4 15. Nc4 Qb5 16. a4 Qa6 17. b4 Nd5 18. Qb3 b5 19. axb5 Qxb5 20. Bc3 Ba6 21. Na3 Qb7 22. Rfb1 Bd3 23. Rb2 a6 24. Nc4 f6 25. Nd2 Rfb8 26. Nxe4 a5 27. Bd2 axb4 28. Rxa8 Rxa8 29. Qxd3 b3 30. Qxb3 Ra1+ 31. Bf1 Qa6 32. Qd3 Qxd3 0-1

[Event "Bad Koenigshofen op 6th"]
[Site "Bad Koenigshofen"]
[Date "2007.12.27"]
[Round "3"]
[White "Brux, Juergen"]
[Black "Voelker, Joachim"]
[Result "0-1"]
[WhiteElo "1817"]
[BlackElo "1620"]
[PlyCount "74"]
[EventDate "2007.12.26"]
[EventType "swiss"]
[EventRounds "7"]
[EventCountry "GER"]
[SourceTitle "CBM 122 Extra"]
[Source "ChessBase"]
[SourceDate "2008.03.04"]
[SourceVersion "1"]
[SourceVersionDate "2008.03.04"]
[SourceQuality "1"]

1. d4 d5 2. c4 e6 3. g3 Nf6 4. Bg2 c6 5. Nf3 dxc4 6. Ne5 Bb4+ 7. Nc3 Nd5 8. Bd2 b5 9. a4 Bxc3 10. bxc3 Bb7 11. e4 Nf6 12. 0-0 0-0 13. Bg5 h6 14. Bxf6 Qxf6 15. Ng4 Qe7 16. Qc2 a6 17. Ne3 Nd7 18. Rfe1 Nf6 19. d5 Rfd8 20. Rad1 Rd7 21. Bh3 cxd5 22. exd5 Nxd5 23. Nf5 Qf6 24. Nd4 Nc7 25. Qb2 Rad8 26. Rd2 Qg5 27. f4 Qh5 28. Bg2 Bxg2 29. Kxg2 Qd5+ 30. Kg1 Qc5 31. Kg2 b4 32. Re5 Qb6 33. cxb4 Rxd4 34. Rxd4 Qxd4 35. Qxd4 Rxd4 36. b5 axb5 37. axb5 Nd5 0-1

[Event "Bad Koenigshofen op 6th"]
[Site "Bad Koenigshofen"]
[Date "2007.12.26"]
[Round "1"]
[White "Brux, Juergen"]
[Black "Baeuml, Gerhard"]
[Result "1-0"]
[WhiteElo "1817"]
[BlackElo "1451"]
[PlyCount "87"]
[EventDate "2007.12.26"]
[EventType "swiss"]
[EventRounds "7"]
[EventCountry "GER"]
[SourceTitle "CBM 122 Extra"]
[Source "ChessBase"]
[SourceDate "2008.03.04"]
[SourceVersion "1"]
[SourceVersionDate "2008.03.04"]
[SourceQuality "1"]

1. d4 Nf6 2. c4 c5 3. dxc5 e6 4. g3 Bxc5 5. Bg2 Qb6 6. e3 0-0 7. Nf3 d5 8. cxd5 Nxd5 9. 0-0 Rd8 10. Qe2 Bd7 11. Rd1 Bb5 12. Qc2 Nc6 13. a3 Rac8 14. e4 Nf6 15. Rxd8+ Rxd8 16. b4 Bd3 17. Qxc5 Qxc5 18. bxc5 Nxe4 19. Be3 Bc2 20. Nbd2 Nxd2 21. Nxd2 Ba4 22. h3 Rd3 23. Rb1 Rd7 24. Nc4 a6 25. Nb6 Rd1+ 26. Rxd1 Bxd1 27. f4 Bb3 28. Nc8 Bd5 29. Nd6 Bxg2 30. Kxg2 Nd8 31. Bd2 Kf8 32. Ba5 Ke7 33. Bxd8+ Kxd8 34. Nxb7+ Kc7 35. Na5 h6 36. Kf3 g6 37. Ke4 f6 38. g4 h5 39. gxh5 gxh5 40. h4 Kd7 41. Nc4 Kc6 42. Kd4 Kb5 43. Nd6+ Ka4 44. c6 1-0

[Event "Unterfranken-ch HA 57th"]
[Site "Prichsenstadt"]
[Date "2006.04.20"]
[Round "6"]
[White "Brux, Juergen"]
[Black "Dressler, Matthias"]
[Result "0-1"]
[WhiteElo "1548"]
[BlackElo "1610"]
[PlyCount "102"]
[EventDate "2006.04.17"]
[EventType "swiss"]
[EventRounds "9"]
[EventCountry "GER"]
[SourceTitle "EXT 2015"]
[Source "ChessBase"]
[SourceDate "2014.11.20"]
[SourceVersion "1"]
[SourceVersionDate "2014.11.20"]
[SourceQuality "1"]

1. d4 f5 2. c4 e6 3. g3 Nf6 4. Bg2 Bb4+ 5. Bd2 Bxd2+ 6. Nxd2 0-0 7. Ngf3 d6 8. 0-0 a5 9. Qc2 Na6 10. a3 d5 11. c5 Ne4 12. Ne5 Nxd2 13. Qxd2 c6 14. f3 Nb8 15. e4 Nd7 16. exf5 exf5 17. f4 Nf6 18. Rab1 Ne4 19. Qc2 Be6 20. b4 axb4 21. axb4 Qc7 22. b5 cxb5 23. Rxb5 Bd7 24. Rb6 Rfb8 25. Bxe4 fxe4 26. f5 Rf8 27. f6 Bh3 28. Rf4 Ra1+ 29. Rb1 Rxb1+ 30. Qxb1 Rxf6 31. Qb5 Kf8 32. Kf2 Rxf4+ 33. gxf4 Ke7 34. c6 bxc6 35. Qc5+ Ke6 36. Qxc6+ Qxc6 37. Nxc6 Kd6 38. Ne5 Bc8 39. Nf7+ Ke7 40. Ne5 Kf6 41. h4 Kf5 42. Ke3 h5 43. Nc6 Kg4 44. Ne7 Be6 45. f5 Bf7 46. Nc6 Kxf5 47. Ne5 Be8 48. Kf2 Kf4 49. Ke2 Kg3 50. Ke3 Kxh4 51. Kf4 g5+ 0-1

[Event "Unterfranken-ch HA 57th"]
[Site "Prichsenstadt"]
[Date "2006.04.18"]
[Round "3"]
[White "Schindel, Manfred"]
[Black "Brux, Juergen"]
[Result "1/2-1/2"]
[WhiteElo "1669"]
[BlackElo "1548"]
[PlyCount "99"]
[EventDate "2006.04.17"]
[EventType "swiss"]
[EventRounds "9"]
[EventCountry "GER"]
[SourceTitle "EXT 2015"]
[Source "ChessBase"]
[SourceDate "2014.11.20"]
[SourceVersion "1"]
[SourceVersionDate "2014.11.20"]
[SourceQuality "1"]

1. e4 c5 2. Nf3 d6 3. d4 cxd4 4. Nxd4 Nf6 5. Nc3 g6 6. Be3 Bg7 7. Be2 0-0 8. 0-0 Bd7 9. Qd2 Nc6 10. h3 a6 11. Nf3 Qc7 12. Bh6 Rad8 13. Bxg7 Kxg7 14. Nd5 Nxd5 15. exd5 Ne5 16. Rfe1 Kg8 17. Rac1 Nxf3+ 18. Bxf3 Rfe8 19. b3 e5 20. c4 f5 21. Qg5 Kg7 22. Qd2 b6 23. g3 Re7 24. Bg2 Rde8 25. Re2 h6 26. h4 Rc8 27. Ree1 Rf7 28. Qd3 f4 29. Be4 fxg3 30. Qxg3 Bf5 31. Rc3 Rcf8 32. Rf3 Bxe4 33. Rxf7+ Qxf7 34. Rxe4 Qf3 35. Qxf3 Rxf3 36. Kg2 Rc3 37. Re3 Rxe3 38. fxe3 Kf6 39. Kf3 g5 40. h5 Ke7 41. b4 Kd7 42. a4 b5 43. cxb5 axb5 44. a5 Kc7 45. e4 Kb7 46. Kg4 Kc7 47. Kf5 Kb7 48. Kg4 Ka6 49. Kf5 Kb7 50. Kg4 1/2-1/2

[Event "Unterfranken-ch HB 56th"]
[Site "Stetten"]
[Date "2005.04.01"]
[Round "8"]
[White "Meyer, Marco"]
[Black "Brux, Juergen"]
[Result "0-1"]
[WhiteElo "1277"]
[BlackElo "1522"]
[PlyCount "84"]
[EventDate "2005.03.28"]
[EventType "swiss"]
[EventRounds "9"]
[EventCountry "GER"]
[SourceTitle "EXT 2015"]
[Source "ChessBase"]
[SourceDate "2014.11.20"]
[SourceVersion "1"]
[SourceVersionDate "2014.11.20"]
[SourceQuality "1"]

1. e4 c5 2. d4 cxd4 3. c3 dxc3 4. Nxc3 d6 5. Bc4 a6 6. Bf4 e6 7. Qf3 Be7 8. Nge2 Nc6 9. Rd1 Na5 10. Bb3 Nxb3 11. axb3 e5 12. Be3 Be6 13. Nd5 Bxd5 14. Rxd5 Nf6 15. Rd2 Qc7 16. 0-0 Rd8 17. Rc1 Qb8 18. g3 0-0 19. h4 Rc8 20. Rdc2 Rxc2 21. Rxc2 Rc8 22. Rc4 b5 23. Rc3 Qb7 24. Bg5 h6 25. Bxf6 Bxf6 26. Qf5 Rd8 27. f3 d5 28. exd5 Qxd5 29. Kf2 Qd6 30. h5 e4 31. Rc8 exf3 32. Rxd8+ Qxd8 33. Qxf3 Bxb2 34. Qc6 Qf6+ 35. Qxf6 Bxf6 36. Nf4 Kf8 37. Nd5 Be5 38. g4 Ke8 39. Ke2 Kd7 40. Kd2 Kd6 41. Nb4 a5 42. Nd3 g5 0-1

[Event "Unterfranken-ch HT 55th"]
[Site "Bad Koenigshofen"]
[Date "2004.04.16"]
[Round "7"]
[White "Brux, Juergen"]
[Black "Mueller, Niklas"]
[Result "1-0"]
[WhiteElo "1515"]
[BlackElo "1066"]
[PlyCount "109"]
[EventDate "2004.04.12"]
[EventType "swiss"]
[EventRounds "9"]
[EventCountry "GER"]
[SourceTitle "EXT 2015"]
[Source "ChessBase"]
[SourceDate "2014.11.20"]
[SourceVersion "1"]
[SourceVersionDate "2014.11.20"]
[SourceQuality "1"]

1. d4 d5 2. c4 Nf6 3. g3 Bg4 4. Bg2 e6 5. Nf3 Nc6 6. b3 g6 7. 0-0 Bg7 8. Bb2 0-0 9. h3 Bf5 10. a3 Re8 11. Nc3 a6 12. e3 b6 13. Rc1 Rb8 14. cxd5 exd5 15. b4 b5 16. Ne2 Rb6 17. Nd2 Qd7 18. Kh2 a5 19. Nb3 a4 20. Nc5 Qc8 21. Nc3 Bh6 22. Qe2 Nxd4 23. Qd1 Nc6 24. Nxd5 Nxd5 25. Qxd5 Rd8 26. Qf3 Bg7 27. Bxg7 Kxg7 28. e4 Nd4 29. Qe3 Be6 30. Nxe6+ Rxe6 31. f4 Qb8 32. Qc3 c6 33. Rfd1 Qb6 34. Qc5 Qxc5 35. Rxc5 Red6 36. Rd3 Ne6 37. Rxd6 Rxd6 38. e5 Rd2 39. Rxc6 Nd4 40. Rd6 Nf3+ 41. Kh1 Rxd6 42. exd6 Nd4 43. d7 Ne6 44. Bc6 Kf8 45. Bxb5 Ke7 46. Bxa4 Kd6 47. Kg2 Kc7 48. Kf2 Nd4 49. Ke3 Nf5+ 50. Kf2 h5 51. Bb3 f6 52. Be6 Nd4 53. Bf7 Kxd7 54. Bxg6 Nc2 55. Bxc2 1-0

[Event "Unterfranken-ch HT 55th"]
[Site "Bad Koenigshofen"]
[Date "2004.04.15"]
[Round "6"]
[White "Rauscher, Manfred"]
[Black "Brux, Juergen"]
[Result "1/2-1/2"]
[WhiteElo "1679"]
[BlackElo "1515"]
[PlyCount "61"]
[EventDate "2004.04.12"]
[EventType "swiss"]
[EventRounds "9"]
[EventCountry "GER"]
[SourceTitle "EXT 2015"]
[Source "ChessBase"]
[SourceDate "2014.11.20"]
[SourceVersion "1"]
[SourceVersionDate "2014.11.20"]
[SourceQuality "1"]

1. e4 c5 2. Nf3 d6 3. b3 Nf6 4. Nc3 g6 5. Bb2 Bg7 6. Be2 0-0 7. d3 e6 8. 0-0 Nc6 9. Qc1 a6 10. Nd1 Bd7 11. h3 Rc8 12. Ne3 b5 13. Ng4 Nxg4 14. Bxg7 Kxg7 15. hxg4 e5 16. Qg5 Qxg5 17. Nxg5 Nd4 18. Bd1 f6 19. Nh3 g5 20. c3 Ne6 21. g3 Be8 22. Kg2 Rh8 23. f4 h6 24. Be2 Bd7 25. f5 Nd8 26. Nf2 Bc6 27. Rh1 Nf7 28. Kf3 a5 29. Ke3 Rhd8 30. Rhd1 b4 31. d4 1/2-1/2

[Event "Unterfranken-ch HT 55th"]
[Site "Bad Koenigshofen"]
[Date "2004.04.12"]
[Round "2"]
[White "Engelbrecht, Klaus"]
[Black "Brux, Juergen"]
[Result "0-1"]
[WhiteElo "1273"]
[BlackElo "1515"]
[PlyCount "66"]
[EventDate "2004.04.12"]
[EventType "swiss"]
[EventRounds "9"]
[EventCountry "GER"]
[SourceTitle "EXT 2015"]
[Source "ChessBase"]
[SourceDate "2014.11.20"]
[SourceVersion "1"]
[SourceVersionDate "2014.11.20"]
[SourceQuality "1"]

1. e4 c5 2. Nc3 d6 3. Bb5+ Bd7 4. Bxd7+ Nxd7 5. f4 g6 6. Nf3 Bg7 7. Ne2 Ngf6 8. d3 0-0 9. c3 Rc8 10. Qc2 b5 11. d4 cxd4 12. Nfxd4 a6 13. f5 Nc5 14. fxg6 hxg6 15. Ng3 Qc7 16. 0-0 Ncd7 17. Bd2 Ng4 18. Qd1 Nge5 19. Qe2 Nc4 20. Bg5 Nf6 21. a4 Qc5 22. b4 Qxg5 23. Ndf5 gxf5 24. Nxf5 Rce8 25. Rad1 Ne5 26. axb5 axb5 27. h4 Qg4 28. Qxb5 Nxe4 29. Nxg7 Kxg7 30. Rd4 f5 31. Qd5 Qxh4 32. c4 Qg5 33. c5 Qe3+ 0-1

[Event "Unterfranken-ch HT 52th"]
[Site "Massbach"]
[Date "2001.04.17"]
[Round "3"]
[White "Brux, Juergen"]
[Black "Treibel, Michael"]
[Result "0-1"]
[WhiteElo "1438"]
[BlackElo "1576"]
[PlyCount "45"]
[EventDate "2001.04.16"]
[EventType "swiss"]
[EventRounds "9"]
[EventCountry "GER"]
[SourceTitle "EXT 2015"]
[Source "ChessBase"]
[SourceDate "2014.11.20"]
[SourceVersion "1"]
[SourceVersionDate "2014.11.20"]
[SourceQuality "1"]

1. d4 d5 2. c4 e6 3. Nf3 Nf6 4. g3 c5 5. e3 Nc6 6. b3 cxd4 7. exd4 Bd7 8. Bg2 Rc8 9. 0-0 dxc4 10. bxc4 Na5 11. c5 b6 12. cxb6 Qxb6 13. Nbd2 Be7 14. Rb1 Qa6 15. Ne5 Nc6 16. Nxc6 Bxc6 17. Bxc6+ Rxc6 18. Qb3 0-0 19. Qb5 Qc8 20. Qb7 Rc7 21. Qf3 Nd5 22. Ba3 Rc3 23. Rb8 0-1

[Event "Unterfranken-ch HT 52th"]
[Site "Massbach"]
[Date "2001.??.??"]
[Round "?"]
[White "Weikert, Benedikt"]
[Black "Brux, Juergen"]
[Result "0-1"]
[WhiteElo "1125"]
[BlackElo "1438"]
[PlyCount "98"]
[EventDate "2001.04.16"]
[EventType "swiss"]
[EventRounds "9"]
[EventCountry "GER"]
[SourceTitle "EXT 2015"]
[Source "ChessBase"]
[SourceDate "2014.11.20"]
[SourceVersion "1"]
[SourceVersionDate "2014.11.20"]
[SourceQuality "1"]

1. e4 c5 2. c4 d6 3. d3 Nf6 4. Nf3 g6 5. Nc3 Bg7 6. Be2 0-0 7. 0-0 Nc6 8. Bd2 Bd7 9. Qc1 Re8 10. Re1 Ng4 11. h3 Nge5 12. Nxe5 Nxe5 13. Nd5 e6 14. Ne3 h5 15. Bc3 Rc8 16. Rb1 b5 17. cxb5 Bxb5 18. Qd2 d5 19. d4 Bxe2 20. Qxe2 cxd4 21. Bxd4 dxe4 22. Bxe5 Bxe5 23. Nc4 Qd5 24. Nxe5 Qxe5 25. Qxe4 Qxe4 26. Rxe4 Rc2 27. Rb4 Rd8 28. Ra4 Rdd2 29. Rf4 Rxb2 30. Rxb2 Rxb2 31. Ra4 Rb7 32. g4 hxg4 33. hxg4 Kf8 34. f4 f5 35. gxf5 gxf5 36. Kf2 Ke7 37. Ke3 Kd6 38. Kd4 Ke7 39. Ke5 Rb5+ 40. Kd4 a5 41. Ke3 Kd6 42. Rd4+ Kc5 43. Ra4 Kd6 44. Rd4+ Rd5 45. Rxd5+ Kxd5 46. Kd3 a4 47. Kc3 Ke4 48. Kb4 Kxf4 49. Kxa4 Kg4 0-1

[Event "Unterfranken-ch HA 51th"]
[Site "Sailauf"]
[Date "2000.04.28"]
[Round "8"]
[White "Sittinger, Lutz"]
[Black "Brux, Juergen"]
[Result "1-0"]
[WhiteElo "1598"]
[BlackElo "1423"]
[PlyCount "63"]
[EventDate "2000.04.24"]
[EventType "swiss"]
[EventRounds "9"]
[EventCountry "GER"]
[SourceTitle "EXT 2015"]
[Source "ChessBase"]
[SourceDate "2014.11.20"]
[SourceVersion "1"]
[SourceVersionDate "2014.11.20"]
[SourceQuality "1"]

1. e4 c5 2. Nf3 d6 3. d4 cxd4 4. Nxd4 Nf6 5. Nc3 g6 6. Bg5 Bg7 7. Be2 0-0 8. f4 a6 9. Qd2 Bg4 10. 0-0-0 Bxe2 11. Qxe2 Qc7 12. e5 dxe5 13. fxe5 Ne8 14. Nd5 Qxe5 15. Qxe5 Bxe5 16. Bxe7 Nc6 17. Nxc6 bxc6 18. Nb4 Rb8 19. c3 Bd6 20. Rxd6 Nxd6 21. Bxd6 Rxb4 22. Bxf8 Re4 23. Bb4 f5 24. Kd2 Kf7 25. Re1 Rxe1 26. Kxe1 Ke6 27. Ke2 Ke5 28. Ke3 h5 29. g3 g5 30. h4 f4+ 31. gxf4+ gxf4+ 32. Kf3 1-0

[Event "Unterfranken-ch HA 51th"]
[Site "Sailauf"]
[Date "2000.04.25"]
[Round "3"]
[White "Muthig, Holger"]
[Black "Brux, Juergen"]
[Result "1-0"]
[WhiteElo "1505"]
[BlackElo "1423"]
[PlyCount "105"]
[EventDate "2000.04.24"]
[EventType "swiss"]
[EventRounds "9"]
[EventCountry "GER"]
[SourceTitle "EXT 2015"]
[Source "ChessBase"]
[SourceDate "2014.11.20"]
[SourceVersion "1"]
[SourceVersionDate "2014.11.20"]
[SourceQuality "1"]

1. d4 Nf6 2. c4 g6 3. Nc3 Bg7 4. e4 d6 5. f3 0-0 6. Bd3 Nc6 7. Nge2 e5 8. d5 Ne7 9. Be3 c6 10. 0-0 Nh5 11. Qd2 f5 12. Rac1 f4 13. Bf2 c5 14. a3 g5 15. b4 b6 16. bxc5 bxc5 17. Rb1 Bd7 18. Nb5 Bxb5 19. Rxb5 Qc7 20. Rfb1 Rab8 21. Qb2 Rxb5 22. Qxb5 Nf6 23. Qb7 Rc8 24. Qxc7 Rxc7 25. a4 g4 26. a5 gxf3 27. gxf3 Nc8 28. Be1 a6 29. Nc3 Bf8 30. Bh4 Be7 31. Bxf6 Bxf6 32. Rb8 Kg7 33. Na4 Be7 34. Bf1 Bh4 35. Bh3 Na7 36. Kf1 Nb5 37. Rb6 Nd4 38. Rxd6 Nxf3 39. Rc6 Nd2+ 40. Ke2 Rxc6 41. dxc6 Nxe4 42. c7 Nd6 43. Nxc5 Bf6 44. Ne4 Nxe4 45. c8Q Nc3+ 46. Kf3 Kg6 47. Qg8+ Bg7 48. Qe6+ Bf6 49. Bf5+ Kg7 50. Qd7+ Kh6 51. Qxh7+ Kg5 52. Qg6+ Kh4 53. Qg4# 1-0